Jellybean

Bibliographic Details
Main Author: Duder, Tessa
Format: Book
Published: New York : Viking Kestrel , 1985
Subjects:

MARC

LEADER 00000cam a2200000 7i4500
001 0000001974
002 000002149
005 20000330.0
020 |a 0670812358 
090 0 0 |a JF   |b DUD 
100 1 |a Duder, Tessa 
245 1 0 |a Jellybean   |c Tessa Duder 
260 |a New York :   |b Viking Kestrel ,   |c 1985 
300 |a 112p. ;   |c 21cm. 
650 0 0 |a Children's stories 
999 |a 035286   |b BUKU   |c PINJAMAN   |e PERPUSTAKAAN KOMUNITI PETALING JAYA 
999 |a 035287   |b BUKU   |c PINJAMAN   |e PERPUSTAKAAN KOMUNITI PETALING JAYA 
999 |a 035288   |b BUKU   |c PINJAMAN   |e PERPUSTAKAAN KOMUNITI PETALING JAYA